Microsoft Office 97 professional essentials / (Record no. 180514)
[ view plain ]
| 000 -LEADER | |
|---|---|
| fixed length control field | 01133 a2200217 4500 |
| 003 - CONTROL NUMBER IDENTIFIER | |
| control field | Nust |
| 005 - DATE AND TIME OF LATEST TRANSACTION | |
| control field | 20221006125228.0 |
| 010 ## - LIBRARY OF CONGRESS CONTROL NUMBER | |
| LC control number | 97068154 |
| 020 ## - INTERNATIONAL STANDARD BOOK NUMBER | |
| International Standard Book Number | 8120313429 |
| 035 ## - SYSTEM CONTROL NUMBER | |
| System control number | (OCoLC)37558929 |
| 040 ## - CATALOGING SOURCE | |
| Transcribing agency | Nust |
| 082 00 - DEWEY DECIMAL CLASSIFICATION NUMBER | |
| Classification number | 005.43,ACK |
| 100 ## - MAIN ENTRY--PERSONAL NAME | |
| Personal name | Acklen, LAura |
| 9 (RLIN) | 98211 |
| 245 00 - TITLE STATEMENT | |
| Title | Microsoft Office 97 professional essentials / |
| Statement of responsibility, etc. | Laura Acklen ... [et al.]. |
| 260 ## - PUBLICATION, DISTRIBUTION, ETC. | |
| Place of publication, distribution, etc. | Indianapolis, IN : |
| Name of publisher, distributor, etc. | Que E&T, |
| Date of publication, distribution, etc. | c1998. |
| 300 ## - PHYSICAL DESCRIPTION | |
| Extent | 1 v. (various pagings) : |
| Other physical details | col. ill. ; |
| Dimensions | 28 cm. + |
| Accompanying material | 2 computer disks (3 1/2 in.) |
| 505 ## - FORMATTED CONTENTS NOTE | |
| Formatted contents note | Project:1 Getting Started With MS Office Professional (Page-INT-1), Project:2 working With Word Documents (Page-WD-1), Project:3 Editing Word Documents (Page-WD-27),Project:4 Formatting Word Documents (Page-WD-55), Project:5 Using Tables and Graphics in Word (Page-WD-85), Poject:6 Building a Spreadsheet (Page-XL-1), Project:7 Creating Formulas (Page –XL-27), Project:8 Calculating With Functions (Page- XL-49), Project :9 Improving the Appearance of a Network sheet(Page-XL-79) |
| 650 #0 - SUBJECT ADDED ENTRY--TOPICAL TERM | |
| Topical term or geographic name entry element | Integrated software. |
| 9 (RLIN) | 94386 |
| 700 1# - ADDED ENTRY--PERSONAL NAME | |
| Personal name | Acklen, Laura. |
| 9 (RLIN) | 98211 |
| 942 ## - ADDED ENTRY ELEMENTS (KOHA) | |
| Source of classification or shelving scheme | |
| Koha item type | Book |
| Call number prefix | 005.43,ACK |
| Withdrawn status | Lost status | Source of classification or shelving scheme | Damaged status | Not for loan | Permanent Location | Current Location | Shelving location | Date acquired | Full call number | Barcode | Date last seen | Price effective from | Koha item type | Public note |
|---|---|---|---|---|---|---|---|---|---|---|---|---|---|---|
| Military College of Signals (MCS) | Military College of Signals (MCS) | General Stacks | 12/12/2016 | 005.43,ACK | MCS26659 | 12/08/2016 | 12/12/2016 | Book | Almirah No.6, Shelf No.1 |
